000 01224cam a22003857a 4500
003 CHAP
005 20220817040959.0
008 990805d1986 it a r 00010 fre d
010 _a3909
011 _a4881
035 _a4085
040 _cCHAP
082 _a658.312404
_bF3f v.16/1
110 _aFAO
245 0 _aMéthodes simples pour l'aquaculture pisciculture continentale la topographie instruments topographiques
_c/par A.G. Coche
260 _aRome :
_bFAO,
_c1991.
300 _a174 p. :
_bilus.
400 _aCapacitación
_v; 16/1
400 _aCapacitación
_v; 16/1
410 _aFAO
590 _aBATCH-UPD
_b10
_c20130110
_lUCH01
_h1329
590 _aBATCH-UPD
_b10
_c20130410
_lUCH01
_h0835
590 _aBATCH-UPD
_b10
_c20130914
_lUCH01
_h0954
590 _aCONVERSION
_b10
_c20130109
_lUCH01
_h1303
650 1 4 _aAgua dulce.
_92422
650 1 4 _aLevantamiento hidrográfico.
_966425
650 1 4 _aPiscicultura.
_988531
650 1 4 _aSuelos
_xAnálisis.
_9110204
650 1 4 _aSuelos
_xClasificación.
_9110239
700 0 _aCoche, André G.
_924205
810 0 _aFAO
901 _aBK
942 _cLIBRO
949 _a658.312404 F3f v.16/1
_bBC
_cFAO
_d33724000734281
_eFAO1
_h80388
_i4085
_kDonaciØn
_mD
_sb
999 _c3909
_d3909